Valence Shell Electron Pair Repulsion (VSEPR) Theory - Statistics

General Stats
  • This quiz has been taken 213 times
  • The average score is 9 of 16
Answer Stats
Hint Answer % Correct
AX2E0-2D.png Linear (no lone pairs)
83%
Tetrahedral
74%
Bent (trigonal)
67%
AX6E0-2D.png Octahedral
62%
AX2E3-2D.png Linear (three lone pairs)
59%
Bent (tetrahedral)
58%
AX7E0-2D.png Pentagonal Bipyramidal
58%
AX4E2-2D.png Square Planar
56%
Trigonal Bipyramidal
56%
Trigonal Planar
56%
AX3E2-2D.png T-shaped
56%
AX5E2-2D.png Pentagonal Planar
53%
AX5E1-2D.png Square Pyramidal
53%
Trigonal Pyramidal
50%
AX6E1-2D.png Pentagonal Pyramidal
42%
Seesaw/Disphenoidal
41%
No matching quizzes found
Score Distribution
Percent of People with Each Score
Percentile by Number Answered
Your Score History
You have not taken this quiz